000
00246nam a22001097a 4500
008
170125b xxu||||| |||| 00| 0 eng d
020
_a
9780803639089
041
_a
eng
080
_2
2ND
_a
618.2
245
_a
NP NOTES
_c
MCCAFFREY, R
942
_2
udc
_c
BK
999
_c
3577
_d
3577